[Event "Bayernliga U20 1516"]
[Site "Bayern"]
[Date "2016.02.27"]
[Round "6.5"]
[White "Fritsch, Julian"]
[Black "Koehler, Dominik"]
[Result "0-1"]
[WhiteElo "1552"]
[BlackElo "1728"]
[PlyCount "82"]
[EventDate "2015.11.21"]
[EventType "team-tourn"]
[EventRounds "7"]
[EventCountry "GER"]
[SourceTitle "EXT 2022"]
[Source "ChessBase"]
[SourceDate "2021.10.06"]
[SourceVersion "1"]
[SourceVersionDate "2021.10.06"]
[SourceQuality "1"]
[WhiteTeam "Kelheim SK U20"]
[BlackTeam "Forchheim SC U20"]
[WhiteTeamCountry "GER"]
[BlackTeamCountry "GER"]

1. d4 Nf6 2. g3 d5 3. Bg2 e6 4. Nf3 Nbd7 5. 0-0 c5 6. c3 Bd6 7. Bg5 h6 8. Bxf6 Nxf6 9. Nbd2 0-0 10. Qc2 Qb6 11. Rae1 cxd4 12. cxd4 Bd7 13. Rc1 Bb5 14. Rfe1 Qa6 15. e4 Bd3 16. Qb3 Nxe4 17. Nxe4 Bxe4 18. Re3 b6 19. Rc6 Rfd8 20. Rec3 Rac8 21. Rxc8 Rxc8 22. Bf1 Rxc3 23. Qxc3 Qxa2 24. Nd2 Bf5 25. Qc8+ Bf8 26. Nf3 Qxb2 27. Ne5 Qxd4 28. Nc6 Qc5 29. Qb7 Qc1 30. Qc8 Qc5 31. Qe8 d4 32. Nd8 Qe7 33. Qxe7 Bxe7 34. Nc6 Bc5 35. Nxa7 d3 36. Nb5 Bb4 37. Nd4 Bg6 38. Bg2 Bc3 39. Nb5 Bb4 40. Kf1 d2 41. Bf3 Bd3+ 0-1